[Event "CZE-chT 2223"]
[Site "Czech Republic"]
[Date "2023.02.19"]
[Round "8.2"]
[White "Petrova, Kristyna"]
[Black "Simek, Petr1111"]
[Result "0-1"]
[WhiteElo "2213"]
[BlackElo "2323"]
[PlyCount "73"]
[EventDate "2022.10.15"]
[EventType "team-tourn"]
[EventRounds "11"]
[EventCountry "CZE"]
[SourceTitle "CBM 213 Extra"]
[Source "ChessBase"]
[SourceDate "2023.05.31"]
[SourceVersion "1"]
[SourceVersionDate "2023.05.31"]
[SourceQuality "1"]
[WhiteTeam "Ingem Line"]
[BlackTeam "Unichess"]
[WhiteTeamCountry "CZE"]
[BlackTeamCountry "CZE"]

1. c4 e5 2. Nc3 Nf6 3. Nf3 Nc6 4. e3 Bb4 5. Qc2 Bxc3 6. bxc3 d6 7. e4 0-0 8. g3 Re8 9. Bg2 Rb8 10. 0-0 a6 11. d3 b5 12. cxb5 axb5 13. Re1 Bd7 14. d4 h6 15. d5 Na5 16. Ba3 Nc4 17. Bb4 c5 18. dxc6 Bxc6 19. Nd2 Nb6 20. Rad1 Qc7 21. Nb3 Red8 22. Qe2 Ra8 23. Ba5 Nfd7 24. Bf1 Nc5 25. Bxb6 Qxb6 26. Nxc5 Qxc5 27. Rd2 Ra3 28. Rb1 Rxc3 29. Rb3 b4 30. Rdb2 Rxb3 31. Rxb3 Ra8 32. Qd2 Ra4 33. Bg2 Bb5 34. h4 Bc4 35. Rb2 Be6 36. Bf1 Qc3 37. Qxc3 0-1

[Event "CZE-chT2A 2223"]
[Site "Czech Republic"]
[Date "2023.02.05"]
[Round "8.3"]
[White "Simet, Martin"]
[Black "Petrova, Kristyna"]
[Result "1-0"]
[WhiteElo "2195"]
[BlackElo "2213"]
[PlyCount "99"]
[EventDate "2022.10.16"]
[EventType "team-tourn"]
[EventRounds "11"]
[EventCountry "CZE"]
[SourceTitle "EXT 2024"]
[Source "ChessBase"]
[SourceDate "2023.10.10"]
[SourceVersion "1"]
[SourceVersionDate "2023.10.10"]
[SourceQuality "1"]
[WhiteTeam "Klatovy"]
[BlackTeam "Line II"]
[WhiteTeamCountry "CZE"]
[BlackTeamCountry "CZE"]

1. d4 Nf6 2. c4 g6 3. Nf3 Bg7 4. Nc3 d5 5. cxd5 Nxd5 6. e4 Nxc3 7. bxc3 c5 8. Bb5+ Nd7 9. 0-0 0-0 10. Qb3 a6 11. Qa3 cxd4 12. cxd4 Nf6 13. e5 Nd5 14. Bc4 h6 15. Rb1 Rb8 16. Bd2 Be6 17. Rfc1 Qd7 18. Ne1 b5 19. Bf1 Nb6 20. Be3 Nc4 21. Bxc4 Bxc4 22. Qa5 Rfc8 23. Rc2 Qd8 24. Qd2 Kh7 25. h4 e6 26. g3 Bd5 27. Rbc1 Rc4 28. h5 Rbc8 29. Ng2 Bxg2 30. Kxg2 Qd5+ 31. Kh2 Qe4 32. hxg6+ fxg6 33. Rxc4 bxc4 34. Qb4 Qc6 35. Qe7 Rc7 36. Qd6 Rc8 37. Qxc6 Rxc6 38. Bd2 Bf8 39. Bc3 Rb6 40. Kg2 Ba3 41. Rc2 Rb1 42. Kf3 g5 43. Ke4 Bb4 44. Bxb4 Rxb4 45. a3 Ra4 46. Rc3 Kg6 47. d5 exd5+ 48. Kxd5 Kf7 49. Kd6 h5 50. Kd7 1-0

[Event "Olympiad Women-44"]
[Site "Chennai"]
[Date "2022.08.08"]
[Round "10.3"]
[White "Petrova, Kristyna"]
[Black "Terao, Juliana Sayumi"]
[Result "1/2-1/2"]
[WhiteElo "2238"]
[BlackElo "2223"]
[PlyCount "107"]
[EventDate "2022.07.29"]
[EventType "team-swiss"]
[EventRounds "11"]
[EventCountry "IND"]
[SourceTitle "CBM 210"]
[Source "ChessBase"]
[SourceDate "2022.10.31"]
[SourceVersion "1"]
[SourceVersionDate "2022.10.31"]
[SourceQuality "1"]
[WhiteTeam "Czech Republic (W)"]
[BlackTeam "Brazil (W)"]
[WhiteTeamCountry "CZE"]
[BlackTeamCountry "BRA"]

1. e4 e5 2. Nf3 Nc6 3. Bb5 a6 4. Ba4 Nf6 5. d3 d6 6. c3 Be7 7. 0-0 0-0 8. Re1 b5 9. Bb3 Na5 10. Bc2 c5 11. a4 Bd7 12. Nbd2 Re8 13. Nf1 h6 14. h3 Bf8 15. Ng3 Qc7 16. Nh2 d5 17. Qf3 dxe4 18. dxe4 Qc6 19. axb5 axb5 20. Nf5 c4 21. Ne3 Nb3 22. Rxa8 Qxa8 23. Bxb3 cxb3 24. Nd5 Nxd5 25. exd5 e4 26. Qd1 Re5 27. Qxb3 Rxd5 28. Be3 Be6 29. Qc2 Rd3 30. Bd4 Qc6 31. Qe2 f5 32. Rd1 Bc4 33. Qe1 Bd5 34. f3 Qc4 35. fxe4 Bxe4 36. Nf1 Rxd1 37. Qxd1 Qc6 38. Qe2 f4 39. Nd2 Bd5 40. Nf3 Qg6 41. b4 Bc4 42. Qd2 Qf5 43. Be5 g5 44. Qd8 Qe6 45. Bd4 Qe7 46. Qb8 Qd6 47. Qe8 Qe6 48. Qb8 Qd6 49. Qa7 Bd5 50. Ne5 f3 51. gxf3 Qe6 52. Qd7 Qxd7 53. Nxd7 Bxf3 54. Nxf8 1/2-1/2

[Event "CZE-ch (Women)"]
[Site "Jaromerice nad Rokytnou"]
[Date "2022.05.25"]
[Round "5"]
[White "Nemcova, Karin"]
[Black "Petrova, Kristyna"]
[Result "0-1"]
[WhiteElo "2181"]
[BlackElo "2264"]
[PlyCount "96"]
[EventDate "2022.05.21"]
[EventType "tourn"]
[EventRounds "9"]
[EventCountry "CZE"]
[SourceTitle "CBM 208 Extra"]
[Source "ChessBase"]
[SourceDate "2022.07.31"]
[SourceVersion "1"]
[SourceVersionDate "2022.07.31"]
[SourceQuality "1"]

1. d4 Nf6 2. Nc3 d5 3. Bf4 e6 4. Nb5 Na6 5. e3 Be7 6. Nf3 0-0 7. Ne5 c6 8. Nc3 Qa5 9. f3 Nh5 10. Bg3 c5 11. Bf2 cxd4 12. exd4 Nb4 13. g4 Nf4 14. a3 Nc6 15. Bg3 Ng6 16. Nxc6 bxc6 17. h4 f6 18. Bd3 Nh8 19. b4 Qd8 20. Ne2 e5 21. c3 e4 22. fxe4 Bxg4 23. Qc2 Bf3 24. 0-0 Bxe4 25. Bxe4 dxe4 26. Qxe4 Qd7 27. Nf4 Rfe8 28. Qf3 Nf7 29. Ra2 Bd6 30. Rg2 Bxf4 31. Bxf4 Kh8 32. Kh2 Rg8 33. h5 h6 34. Rg6 Qd5 35. Qg3 Ng5 36. Bxg5 fxg5 37. Rd6 Qe4 38. Re1 Qc2+ 39. Kh1 Rae8 40. Rxc6 Rxe1+ 41. Qxe1 Qf5 42. Qe2 Rf8 43. Kg1 Qh3 44. d5 Qg3+ 45. Kh1 g4 46. Rc4 Qh3+ 47. Kg1 g3 48. Qg2 Qf5 0-1

[Event "CZE-ch (Women)"]
[Site "Jaromerice nad Rokytnou"]
[Date "2022.05.24"]
[Round "4"]
[White "Petrova, Kristyna"]
[Black "Zelbova, Lada"]
[Result "1-0"]
[WhiteElo "2264"]
[BlackElo "1967"]
[PlyCount "77"]
[EventDate "2022.05.21"]
[EventType "tourn"]
[EventRounds "9"]
[EventCountry "CZE"]
[SourceTitle "CBM 208 Extra"]
[Source "ChessBase"]
[SourceDate "2022.07.31"]
[SourceVersion "1"]
[SourceVersionDate "2022.07.31"]
[SourceQuality "1"]

1. e4 c5 2. Be2 Nc6 3. f4 e6 4. Nf3 d5 5. d3 g6 6. 0-0 Bg7 7. c3 Nge7 8. Qe1 0-0 9. Be3 b6 10. Na3 Ba6 11. Rd1 Qc7 12. e5 Nf5 13. Bf2 h5 14. d4 c4 15. h3 b5 16. Nc2 Bc8 17. g4 hxg4 18. hxg4 Nh6 19. Ne3 b4 20. Bh4 bxc3 21. bxc3 Kh7 22. Bg5 Rh8 23. Kg2 Kg8 24. Rb1 Rb8 25. Rh1 Kf8 26. Qc1 Rxb1 27. Qxb1 Qb8 28. Qc1 Ng8 29. Qa3+ Ke8 30. Rxh8 Bxh8 31. f5 exf5 32. gxf5 Bxf5 33. Nxd5 Bg7 34. Bxc4 Bf8 35. Qa4 Bd7 36. Qb3 Be6 37. Qxb8+ Nxb8 38. Bb5+ Nd7 39. Nc7# 1-0

[Event "CZE-ch Rapid (Women)"]
[Site "Ceska Trebova"]
[Date "2022.05.14"]
[Round "2"]
[White "Petrova, Kristyna"]
[Black "Holusova, Tana"]
[Result "1-0"]
[WhiteElo "2264"]
[BlackElo "2041"]
[PlyCount "53"]
[EventDate "2022.05.14"]
[EventType "swiss (rapid)"]
[EventRounds "9"]
[EventCountry "CZE"]
[SourceTitle "CBM 208 Extra"]
[Source "ChessBase"]
[SourceDate "2022.07.31"]
[SourceVersion "1"]
[SourceVersionDate "2022.07.31"]
[SourceQuality "1"]

1. e4 c5 2. Nf3 e6 3. d4 cxd4 4. Nxd4 a6 5. Bd3 b5 6. 0-0 Bb7 7. Qe2 Qc7 8. a4 Bc5 9. Nb3 Bd6 10. axb5 axb5 11. Rxa8 Bxa8 12. f4 b4 13. e5 Be7 14. N1d2 h5 15. Ne4 h4 16. h3 Nh6 17. Be3 Nf5 18. Bf2 Nc6 19. Ra1 0-0 20. Qh5 g6 21. Qg4 Kg7 22. Nf6 Rh8 23. Nh5+ Kh6 24. Nf6 Kg7 25. Nd5 exd5 26. Bxf5 Na5 27. Rxa5 1-0

[Event "Oberliga Wuerttemberg 2122"]
[Site "Wuerttemberg"]
[Date "2022.03.13"]
[Round "7.2"]
[White "Petrova, Kristyna"]
[Black "Richter, Nils"]
[Result "0-1"]
[WhiteElo "2267"]
[BlackElo "2365"]
[PlyCount "74"]
[EventDate "2021.09.19"]
[EventType "team-tourn"]
[EventRounds "9"]
[EventCountry "GER"]
[SourceTitle "EXT 2023"]
[Source "ChessBase"]
[SourceDate "2022.10.05"]
[SourceVersion "1"]
[SourceVersionDate "2022.10.05"]
[SourceQuality "1"]
[WhiteTeam "Schwaebisch Gmuend"]
[BlackTeam "Schoenaich II"]
[WhiteTeamCountry "GER"]
[BlackTeamCountry "GER"]

1. e4 c5 2. Nf3 e6 3. d4 cxd4 4. Nxd4 Nc6 5. Nc3 Qc7 6. g3 a6 7. Bg2 Nf6 8. 0-0 Nxd4 9. Qxd4 Bc5 10. Bf4 d6 11. Qd3 Nd7 12. Na4 e5 13. Bd2 b5 14. Nxc5 Nxc5 15. Qe2 0-0 16. Rac1 Be6 17. b3 Rad8 18. Rfd1 h6 19. Qe1 Rc8 20. Bb4 Nb7 21. f4 a5 22. Ba3 f6 23. Qe2 Qb6+ 24. Kh1 Rf7 25. f5 Bd7 26. Rd2 Be8 27. Rcd1 b4 28. Bb2 Rfc7 29. g4 Bb5 30. Qf2 Qxf2 31. Rxf2 Rxc2 32. Rdd2 Rxb2 33. Rxb2 Rc1+ 34. Bf1 Bxf1 35. Rbc2 Rxc2 36. Rxc2 Nc5 37. Rd2 Bd3 0-1

[Event "Mitropa Cup Online (Women)"]
[Site "Tornelo INT"]
[Date "2021.05.07"]
[Round "4.2"]
[White "Navrotescu, Andreea Cristiana"]
[Black "Petrova, Kristyna"]
[Result "1-0"]
[WhiteElo "2247"]
[BlackElo "2303"]
[PlyCount "137"]
[EventDate "2021.05.04"]
[EventType "team-tourn"]
[EventRounds "9"]
[EventCountry "SUI"]
[SourceTitle "CBM 202 Extra"]
[Source "ChessBase"]
[SourceDate "2021.07.31"]
[SourceVersion "1"]
[SourceVersionDate "2021.07.31"]
[SourceQuality "1"]
[WhiteTeam "France (W)"]
[BlackTeam "Czech Republic (W)"]
[WhiteTeamCountry "FRA"]
[BlackTeamCountry "CZE"]

1. d4 Nf6 2. c4 e6 3. Nc3 Bb4 4. e3 c5 5. a3 Bxc3+ 6. bxc3 0-0 7. Bd3 d6 8. e4 Nc6 9. Ne2 e5 10. d5 Ne7 11. Bg5 Nh5 12. Rg1 f6 13. Be3 f5 14. exf5 Bxf5 15. g4 Bxd3 16. gxh5 Bxe2 17. Qxe2 Nf5 18. Qg4 Qh4 19. Qxh4 Nxh4 20. Ke2 Rf5 21. Rg5 Raf8 22. Rb1 b6 23. Rbg1 R8f7 24. Rxf5 Rxf5 25. Rg5 Rf7 26. Rg4 Nf5 27. Bd2 Kf8 28. Kd3 Ke7 29. Ke4 Kd7 30. f4 Nh6 31. Rg5 exf4 32. Bxf4 Ng8 33. Rf5 Nf6+ 34. Kd3 g6 35. hxg6 hxg6 36. Rg5 Nh5 37. Be3 Rf6 38. Rg2 Ng7 39. Ke4 Nf5 40. Bg5 Rf7 41. a4 Rh7 42. Bf6 Ne7 43. Bxe7 Kxe7 44. Rxg6 Rxh2 45. Rg7+ Kf6 46. Rxa7 Rh3 47. Rd7 Rxc3 48. Rxd6+ Ke7 49. Rxb6 Rxc4+ 50. Ke5 Rxa4 51. Rb7+ Kd8 52. Ke6 Kc8 53. Rh7 Re4+ 54. Kd6 c4 55. Rc7+ Kd8 56. Ra7 Kc8 57. Kc6 Kb8 58. Ra4 Rh4 59. d6 Rh6 60. Rxc4 Kc8 61. Rg4 Kb8 62. Rg8+ Ka7 63. Kc7 Rh1 64. d7 Rc1+ 65. Kd6 Rd1+ 66. Ke6 Re1+ 67. Kf5 Rf1+ 68. Ke4 Re1+ 69. Kf3 1-0

[Event "Mitropa Cup Online (Women)"]
[Site "Tornelo INT"]
[Date "2021.05.06"]
[Round "3.2"]
[White "Petrova, Kristyna"]
[Black "Zimina, Olga"]
[Result "0-1"]
[WhiteElo "2303"]
[BlackElo "2341"]
[PlyCount "142"]
[EventDate "2021.05.04"]
[EventType "team-tourn"]
[EventRounds "9"]
[EventCountry "SUI"]
[SourceTitle "CBM 202 Extra"]
[Source "ChessBase"]
[SourceDate "2021.07.31"]
[SourceVersion "1"]
[SourceVersionDate "2021.07.31"]
[SourceQuality "1"]
[WhiteTeam "Czech Republic (W)"]
[BlackTeam "Italy (W)"]
[WhiteTeamCountry "CZE"]
[BlackTeamCountry "ITA"]

1. d4 Nf6 2. c4 e6 3. Nc3 Bb4 4. f3 c5 5. a3 Ba5 6. dxc5 Bxc3+ 7. bxc3 Qa5 8. Qb3 Na6 9. Be3 0-0 10. Nh3 d6 11. cxd6 Bd7 12. a4 Rfc8 13. Ra3 b6 14. Nf2 Ne8 15. Ne4 f5 16. Nd2 Nxd6 17. g3 Be8 18. f4 Bc6 19. Rg1 Ne4 20. Nxe4 Bxe4 21. Bg2 Bxg2 22. Rxg2 Rc6 23. Qb5 Rac8 24. Qxa5 bxa5 25. Bxa7 Rxc4 26. Bb6 Rxc3 27. Rxc3 Rxc3 28. Bxa5 Ra3 29. g4 Rxa4 30. Bc3 g6 31. gxf5 exf5 32. Be5 Nc5 33. Rg3 Kf7 34. Kf1 Nd7 35. Bd6 Ke6 36. Rd3 Nf6 37. Bb8 Rb4 38. Bd6 Ra4 39. Bb8 Nd5 40. Rh3 Rb4 41. Be5 Nxf4 42. Bxf4 Rxf4+ 43. Kg2 Rg4+ 44. Kf2 h5 45. Ra3 Kf6 46. Ra6+ Kg5 47. h3 Rb4 48. Kg2 h4 49. Ra3 Kf4 50. Kf2 g5 51. Rf3+ Ke5 52. Re3+ Re4 53. Ra3 Rf4+ 54. Kg2 Rc4 55. Kf2 g4 56. hxg4 fxg4 57. Ra8 Rf4+ 58. Kg1 Re4 59. Rh8 g3 60. e3 Ra4 61. Rh5+ Kf6 62. Rh8 Kf5 63. Rg8 Ra1+ 64. Kg2 Ra2+ 65. Kg1 Re2 66. Rg7 Rxe3 67. Kg2 Re2+ 68. Kg1 Kf4 69. Rf7+ Kg4 70. Ra7 Re1+ 71. Kg2 h3# 0-1

[Event "Mitropa Cup Online (Women)"]
[Site "Tornelo INT"]
[Date "2021.05.05"]
[Round "2.2"]
[White "Urh, Zala"]
[Black "Petrova, Kristyna"]
[Result "0-1"]
[WhiteElo "2173"]
[BlackElo "2303"]
[PlyCount "98"]
[EventDate "2021.05.04"]
[EventType "team-tourn"]
[EventRounds "9"]
[EventCountry "SUI"]
[SourceTitle "CBM 202 Extra"]
[Source "ChessBase"]
[SourceDate "2021.07.31"]
[SourceVersion "1"]
[SourceVersionDate "2021.07.31"]
[SourceQuality "1"]
[WhiteTeam "Slovenia (W)"]
[BlackTeam "Czech Republic (W)"]
[WhiteTeamCountry "SLO"]
[BlackTeamCountry "CZE"]

1. d4 Nf6 2. c4 c5 3. d5 e6 4. Nc3 exd5 5. cxd5 d6 6. Nf3 g6 7. Bf4 Bg7 8. Qa4+ Bd7 9. Qb3 Qc7 10. e4 0-0 11. Be2 b5 12. Bxb5 Nxe4 13. Nxe4 Qa5+ 14. Nfd2 Bxb5 15. Nxd6 Ba6 16. N6c4 Re8+ 17. Be3 Bxc4 18. Qxc4 Nd7 19. Rd1 Ne5 20. Qe2 Qxa2 21. 0-0 Qxd5 22. Qb5 Reb8 23. Qxc5 Qxc5 24. Bxc5 Nd3 25. Ba3 Nxb2 26. Rc1 Rc8 27. Ne4 a5 28. Nd6 Rxc1 29. Rxc1 Be5 30. Kf1 Nd3 31. Rd1 Bxd6 32. Bxd6 Nb4 33. Ra1 Nd5 34. Ke2 f5 35. Kd3 Rd8 36. Be5 Nf4+ 37. Kc4 Nxg2 38. Rxa5 Rd7 39. Kc5 Kf7 40. Kc6 Ke6 41. f4 Rd2 42. Ra7 g5 43. fxg5 Rc2+ 44. Kb5 Kxe5 45. Rxh7 f4 46. Rf7 Nh4 47. h3 Rg2 48. Rh7 f3 49. Re7+ Kf4 0-1

[Event "CZE-ch Betsys Online Blitz"]
[Site "Chess.com INT"]
[Date "2021.04.17"]
[Round "8"]
[White "Petrova, Kristyna"]
[Black "Pekarek, Ales1111"]
[Result "1-0"]
[WhiteElo "2303"]
[BlackElo "1910"]
[PlyCount "83"]
[EventDate "2021.04.17"]
[EventType "swiss (blitz)"]
[EventRounds "13"]
[EventCountry "CZE"]
[SourceTitle "CBM 201 Extra"]
[Source "ChessBase"]
[SourceDate "2021.05.31"]
[SourceVersion "1"]
[SourceVersionDate "2021.05.31"]
[SourceQuality "1"]

1. e4 e6 2. d4 d5 3. Nc3 dxe4 4. Nxe4 Nf6 5. Bd3 Nxe4 6. Bxe4 Nd7 7. Ne2 Nf6 8. Bf3 c6 9. 0-0 Bd6 10. c3 0-0 11. Bf4 Re8 12. Re1 Qc7 13. Bxd6 Qxd6 14. Qb3 Rb8 15. Ng3 Bd7 16. Re5 Rec8 17. Rae1 c5 18. dxc5 Rxc5 19. Rxc5 Qxc5 20. Rd1 Bc6 21. Bxc6 Qxc6 22. Qa3 Nd5 23. Ne2 a6 24. Nd4 Qc7 25. Qb3 Rd8 26. Nf3 Rc8 27. g3 h6 28. Rd4 Qc5 29. Qd1 b5 30. a4 Rd8 31. axb5 axb5 32. Nd2 e5 33. Ne4 Qc6 34. Rd2 f5 35. c4 bxc4 36. Nc3 e4 37. Rxd5 Rf8 38. Rd8 e3 39. fxe3 Qb6 40. Rxf8+ Kxf8 41. Qd2 Ke7 42. Nd5+ 1-0

[Event "CZE-ch Betsys Online Blitz"]
[Site "Chess.com INT"]
[Date "2021.04.17"]
[Round "4"]
[White "Petrova, Kristyna"]
[Black "Smolik, Jachym"]
[Result "0-1"]
[WhiteElo "2303"]
[BlackElo "2073"]
[PlyCount "84"]
[EventDate "2021.04.17"]
[EventType "swiss (blitz)"]
[EventRounds "13"]
[EventCountry "CZE"]
[SourceTitle "CBM 201 Extra"]
[Source "ChessBase"]
[SourceDate "2021.05.31"]
[SourceVersion "1"]
[SourceVersionDate "2021.05.31"]
[SourceQuality "1"]

1. e4 c6 2. d4 d5 3. Nc3 dxe4 4. Nxe4 Nf6 5. Nxf6+ exf6 6. c3 Bd6 7. Bd3 0-0 8. Qc2 h5 9. Ne2 Re8 10. Be3 Nd7 11. 0-0-0 Nf8 12. Ng3 h4 13. Nf5 Bxf5 14. Bxf5 g6 15. Bd3 f5 16. g3 Qf6 17. Qd2 Ne6 18. Bc4 f4 19. gxf4 Nxf4 20. Rhg1 Re4 21. Bd3 Nxd3+ 22. Qxd3 Qf5 23. h3 Rae8 24. Rg5 Qf3 25. Rdg1 Kg7 26. Qd1 Qxh3 27. Rh1 Qe6 28. Rg4 Qxg4 29. Qxg4 Rxg4 30. Kd2 g5 31. Ke2 f6 32. Kf3 Rf4+ 33. Bxf4 Bxf4 34. Kg4 Kg6 35. Kf3 f5 36. c4 Re4 37. Rd1 g4+ 38. Kg2 h3+ 39. Kh1 Bd6 40. d5 cxd5 41. cxd5 Kg5 42. Kg1 Kh4 0-1

[Event "CZE-ch Betsys Online Blitz"]
[Site "Chess.com INT"]
[Date "2021.04.17"]
[Round "11"]
[White "Petrova, Kristyna"]
[Black "Toman, Jan"]
[Result "0-1"]
[WhiteElo "2303"]
[BlackElo "2047"]
[PlyCount "60"]
[EventDate "2021.04.17"]
[EventType "swiss (blitz)"]
[EventRounds "13"]
[EventCountry "CZE"]
[SourceTitle "CBM 201 Extra"]
[Source "ChessBase"]
[SourceDate "2021.05.31"]
[SourceVersion "1"]
[SourceVersionDate "2021.05.31"]
[SourceQuality "1"]

1. e4 e6 2. d4 d5 3. Nc3 Bb4 4. Bd3 dxe4 5. Bxe4 Nf6 6. Bf3 c5 7. Nge2 cxd4 8. Nxd4 Nbd7 9. 0-0 0-0 10. Ndb5 a6 11. Nd6 Ne5 12. Nxc8 Nxf3+ 13. Qxf3 Qxc8 14. Bg5 Bxc3 15. bxc3 Nd5 16. Rab1 b5 17. Bd2 Qc4 18. Rb3 Rfd8 19. Qd3 Rac8 20. Rd1 Nf6 21. Qxc4 Rxc4 22. Rbb1 Kf8 23. f3 Ke7 24. Kf2 h6 25. Ke2 Nd5 26. g3 Rxc3 27. Rb2 Rc4 28. Be1 Rdc8 29. Rd2 Ra4 30. Rd1 Rcc4 0-1

[Event "CZE-ch Betsys Online Blitz"]
[Site "Chess.com INT"]
[Date "2021.04.17"]
[Round "12"]
[White "Ringel, Zbynek"]
[Black "Petrova, Kristyna"]
[Result "1-0"]
[WhiteElo "2255"]
[BlackElo "2303"]
[PlyCount "109"]
[EventDate "2021.04.17"]
[EventType "swiss (blitz)"]
[EventRounds "13"]
[EventCountry "CZE"]
[SourceTitle "CBM 201 Extra"]
[Source "ChessBase"]
[SourceDate "2021.05.31"]
[SourceVersion "1"]
[SourceVersionDate "2021.05.31"]
[SourceQuality "1"]

1. e4 c5 2. Nf3 Nc6 3. d4 cxd4 4. c3 dxc3 5. Nxc3 d6 6. Bc4 e6 7. 0-0 Nf6 8. Qe2 Be7 9. Rd1 e5 10. b4 0-0 11. b5 Na5 12. Nxe5 Nxc4 13. Nxc4 Qc7 14. Bf4 Be6 15. Nd5 Bxd5 16. exd5 Rac8 17. Rac1 Qd7 18. a4 Rfe8 19. h3 Bf8 20. Qd3 Rc5 21. Ne3 Rec8 22. Rxc5 Rxc5 23. Bg5 Ne8 24. Nf5 g6 25. Nh6+ Bxh6 26. Bxh6 Ng7 27. Be3 Rc8 28. Bxa7 Nf5 29. a5 Qc7 30. Bb6 Qc4 31. Qxc4 Rxc4 32. Ra1 Rb4 33. a6 bxa6 34. bxa6 Rc4 35. a7 Rc8 36. a8Q Rxa8 37. Rxa8+ Kg7 38. g4 Ne7 39. Bd4+ f6 40. Ra7 Kf7 41. Kg2 Ke8 42. Rxe7+ Kxe7 43. f4 Kf7 44. f5 gxf5 45. gxf5 Kg7 46. Kf3 Kf7 47. Kg4 Kg7 48. Kh5 Kf7 49. h4 Kg7 50. Bc3 Kf7 51. Bd4 Kg7 52. Be3 Kf7 53. Kh6 Kg8 54. Bd4 Kf7 55. Kxh7 1-0

[Event "CZE-ch (Women)"]
[Site "Frydek Mistek"]
[Date "2020.09.12"]
[Round "8"]
[White "Petrova, Kristyna"]
[Black "Koubova, Anna Marie"]
[Result "1-0"]
[WhiteElo "2277"]
[BlackElo "2040"]
[PlyCount "81"]
[EventDate "2020.09.05"]
[EventType "tourn"]
[EventRounds "9"]
[EventCountry "CZE"]
[SourceTitle "CBM 198 Extra"]
[Source "ChessBase"]
[SourceDate "2020.11.30"]
[SourceVersion "1"]
[SourceVersionDate "2020.11.30"]
[SourceQuality "1"]

1. c4 e5 2. Nc3 Nf6 3. Nf3 Nc6 4. e3 Be7 5. Qb3 0-0 6. Be2 d6 7. 0-0 Rb8 8. a3 Bg4 9. h3 Bh5 10. d3 Qd7 11. Qa2 a5 12. Rb1 Rfd8 13. Nd5 b5 14. Bd2 b4 15. axb4 Nxd5 16. cxd5 Nxb4 17. Bxb4 axb4 18. Qc4 Bg6 19. Rfc1 Rdc8 20. Ra1 Qb5 21. Nd2 Bf5 22. Qxb5 Rxb5 23. d4 Rbb8 24. Ba6 Rd8 25. Rxc7 Bf6 26. dxe5 Bxe5 27. Nc4 Ra8 28. Nxe5 dxe5 29. Rcc1 Kf8 30. Bb7 Rxa1 31. Rxa1 Bd3 32. f3 e4 33. Kf2 Ke7 34. Bc6 f5 35. Ra7+ Kf6 36. Rb7 Bc4 37. Rxb4 Bxd5 38. Rd4 Ke5 39. fxe4 fxe4 40. Bxd5 Rxd5 41. Rxd5+ 1-0

[Event "Pardubice blitz op"]
[Site "Pardubice"]
[Date "2020.08.02"]
[Round "2.12"]
[White "Vojta, Jakub"]
[Black "Petrova, Kristyna"]
[Result "1-0"]
[WhiteElo "2146"]
[BlackElo "2277"]
[PlyCount "117"]
[EventDate "2020.08.02"]
[EventType "swiss (blitz)"]
[EventRounds "9"]
[EventCountry "CZE"]
[SourceTitle "CBM 197 Extra"]
[Source "ChessBase"]
[SourceDate "2020.09.30"]
[SourceVersion "1"]
[SourceVersionDate "2020.09.30"]
[SourceQuality "1"]

1. e4 c5 2. Nf3 Nc6 3. Bb5 g6 4. 0-0 Bg7 5. Re1 Nf6 6. e5 Nd5 7. Nc3 Nc7 8. Bxc6 dxc6 9. Ne4 Ne6 10. d3 0-0 11. Be3 b6 12. Qd2 f5 13. exf6 exf6 14. Bh6 a5 15. a4 Ra7 16. Bxg7 Kxg7 17. Re2 Nd4 18. Nxd4 cxd4 19. Rae1 Rff7 20. Qf4 Rae7 21. h3 Bf5 22. Nd6 Rxe2 23. Rxe2 Re7 24. Rxe7+ Qxe7 25. Qxd4 Be6 26. Ne4 c5 27. Qe3 Bd7 28. Qf4 Bc6 29. f3 Bxe4 30. fxe4 Qd7 31. e5 fxe5 32. Qxe5+ Kf7 33. Kf2 Qxa4 34. b3 Qd7 35. Ke3 Qe6 36. Ke4 b5 37. d4 cxd4 38. Kxd4 Qxe5+ 39. Kxe5 a4 40. bxa4 bxa4 41. Kd4 Ke6 42. Kc4 Kf5 43. Kb4 Kf4 44. Kxa4 Kg3 45. c4 Kxg2 46. c5 g5 47. c6 Kxh3 48. c7 g4 49. c8Q h5 50. Kb3 Kh2 51. Qh8 g3 52. Qxh5+ Kg1 53. Kc2 g2 54. Kd2 Kf1 55. Qf5+ Kg1 56. Ke2 Kh2 57. Qh5+ Kg3 58. Qg5+ Kh2 59. Kf2 1-0